| 000 | 00475cam a2200205ua 4500 | ||
|---|---|---|---|
| 001 | 7019 | ||
| 005 | 20260515114137.0 | ||
| 008 | 141119n ii |||gr||||Z||||||eng | ||
| 020 | _a9788181921079 | ||
| 040 | _cMAIN | ||
| 041 | _aeng | ||
| 082 | _a323 | ||
| 100 |
_aSharma. S.K., _eAuthor. |
||
| 245 | 1 |
_aWorld crisis in human rights _cBy S.K. Sharma |
|
| 250 | _a1st. | ||
| 260 |
_aJaipur: _bSublime, _c2007. |
||
| 300 | _av,336p. | ||
| 653 | _aHuman rights | ||
| 942 | _cBK | ||
| 999 |
_c6154 _d6154 |
||